Encyklopédia archeológie
Salvato in:
| Autore principale: | |
|---|---|
| Natura: | Libro |
| Lingua: | slovacco |
| Pubblicazione: |
Bratislava
Obzor
1986
|
| Tags: |
Nessun Tag, puoi essere il primo ad aggiungerne!!
|
MARC
| LEADER | 00000nam a2200000 4500 | ||
|---|---|---|---|
| 001 | c105439 | ||
| 005 | 20221128065713.7 | ||
| 041 | 0 | |a slo | |
| 044 | |a SK | ||
| 245 | 1 | 0 | |a Encyklopédia archeológie |c Bohuslav Novotný a kol. |
| 264 | 1 | |a Bratislava |b Obzor |c 1986 | |
| 300 | |a 1628 s. |e 6 mp. príl. | ||
| 100 | 1 | |a Novotný, Bohuslav | |